000 00496nam a22001937a 4500
003 LK-CoDNM
005 20241119152313.0
008 241015b |||||||| |||| 00| 0 eng d
040 _aLK-CoDNM
_dLK-CoDNM
_eLK-CoDNM
041 _aeng
_hSinhala
080 _aPA
_bE3
245 _aAnanda college souvenir-1953
260 _aColombo
_bThe daily news press
_c1953
300 _b38p. : ill ; 25 cm
650 _aAnanda college souvenir-1953
650 _aPA E3
650 _a1953
942 _cBK
999 _c230967
_d230967